000 00410nam a2200157Ia 4500
008 160316s1995 xxu||||| |||| 00| 0 eng d
082 _a342.540200
_bBHA
100 _aBharadwaj B C
245 _aConstitution amendment in India
250 _a
260 _aNew Delhi
_bLok Sabha Secretariat
_c1995
300 _a596p
_b
_c
365 _bRs.1200/-
650 _a1.Constitutional Law - Amendments
700 _a
_a
999 _c8261
_d8261